Тематический сборник. Вып.73 (Запись № 4612516)

Подробности
000 -МАРКЕР
контрольное поле 01811nam2a22002651 4500
001 - ИДЕНТИФИКАТОР ЗАПИСИ
контрольное поле RU\NLR\IC12\5000102337
005 - ИДЕНТИФИКАТОР ВЕРСИИ
контрольное поле 20250617023800.0
035 ## - ДРУГИЕ СИСТЕМНЫЕ НОМЕРА
Идентификатор записи (NLR Aleph) 002384829
100 ## - ДАННЫЕ ОБЩЕЙ ОБРАБОТКИ
Данные общей обработки 20041203d1969 |||y0rusy50 ca
101 0# - ЯЗЫК РЕСУРСА
Язык текста, звукозаписи и т.д. русский
102 ## - СТРАНА ПУБЛИКАЦИИ ИЛИ ПРОИЗВОДСТВА
Страна публикации Российская Федерация
105 ## - ПОЛЕ КОДИРОВАННЫХ ДАННЫХ: ТЕКСТОВЫЕ МАТЕРИАЛЫ, МОНОГРАФИЧЕСКИЕ
Кодированные данные о монографическом текстовом документе y ||||000|y
200 0# - ЗАГЛАВИЕ И СВЕДЕНИЯ ОБ ОТВЕТСТВЕННОСТИ
Основное заглавие Вып.73
210 ## - ПУБЛИКАЦИЯ, РАСПРОСТРАНЕНИЕ И ДР.
Дата издания, распространения и т.д. 1969
Место издания, распространения и т.д. Б. м.
225 1# - СЕРИЯ
Основное заглавие серии ...
Обозначение тома Вып.73
Наименование части ...
Обозначение тома [Вып.3] Ч.2
461 #0 - УРОВЕНЬ НАБОРА
Встроенное поле 001RU\NLR\INFOCOMM\1000090457
-- 2001#$aТематический сборник$fМ-во высш. и сред. спец. образования РСФСР. Мордовск. гос. ун-т им. Н.П.Огарева$vВып.73
Системный номер (АБИС) связанной записи 3238975
Автор Мордовский университет им. Н.П. Огарева (Саранск)
Место публикации Саранск
Дата публикации 1949-
Первые сведения об ответственности М-во высш. и сред. спец. образования РСФСР. Мордовск. гос. ун-т им. Н.П.Огарева
Заглавие Тематический сборник
Номер тома Вып.73
462 #0 - УРОВЕНЬ ПОДНАБОРА
Встроенное поле 001RU\NLR\IC12\5000102333
-- 2001#$aСтроительные конструкции и строительная механика$eСборник науч. статей$fМ-во высш. и сред. спец. образ. РСФСР. Мордов. гос. ун-т им. Н.П. Огарева$v[Вып.3] Ч.2
Системный номер (АБИС) связанной записи 4612503
Место публикации Саранск
Дата публикации 1964-1975
Первые сведения об ответственности М-во высш. и сред. спец. образ. РСФСР. Мордов. гос. ун-т им. Н.П. Огарева
Сведения, относящиеся к заглавию Сборник науч. статей
Заглавие Тематический сборник. - Строительные конструкции и строительная механика
Номер тома [Вып.3] Ч.2
801 #1 - ИСТОЧНИК ЗАПИСИ
Страна Российская Федерация
Организация InfoComm
Дата составления 20041203
801 #0 - ИСТОЧНИК ЗАПИСИ
Страна Российская Федерация
Организация NLR
Правила каталогизации PSBO
852 ## - МЕСТОНАХОЖДЕНИЕ И ШИФР ХРАНЕНИЯ
Идентификатор организации NLR
Шифр хранения (Call Number) П1/208
942 ## - ДОПОЛНИТЕЛЬНЫЕ ЭЛЕМЕНТЫ ЗАПИСИ (АБИС)
Тип экземпляра АБИС Выпуск
980 ## - КОЛЛЕКЦИЯ
Название коллекции Национальная библиография
980 ## - КОЛЛЕКЦИЯ
Название коллекции Русская периодика

Нет доступных экземпляров.